000 00401nam a2200169Ia 4500
999 _c49823
_d49823
003 0100
005 20190124103231.0
008 130303s9999 xx 000 0 und d
040 _cARRUPELIB
050 _aDS110.J4 K4
100 _aKenyon, Kathleen Mary
_944149
245 _aDigging up Jericho
_cKathleen M. Kenyon
260 _aLondon
_bErnest Benn Limited
_c1957
300 _a267p. ;
_c22cm.
650 _aJericho
_944150
942 _2lcc
_cSPC